| 000 | 00985cam a22002653a 4500 | ||
|---|---|---|---|
| 001 | 12790 | ||
| 003 | PGUSA | ||
| 005 | 20140828083256.0 | ||
| 008 | 040630s2004||||xxu|||||s|||||000 | eng d | ||
| 040 |
_aPGUSA _beng |
||
| 042 | _adc | ||
| 050 | 4 | _aHQ | |
| 100 | 1 |
_aFulton, Justin D. _q(Justin Dewey), _d1828-1901 |
|
| 245 | 1 | 4 |
_aThe True Woman : _bA Series of Discourses, to Which Is Added Woman vs. Ballot _h[electronic resource] / _cJustin D. Fulton |
| 260 |
_bProject Gutenberg, _c2004 |
||
| 505 | 0 | _aWoman as God made her -- Woman a helpmeet -- Woman as a tempter -- The glory of motherhood -- Mariolatry not of Christ -- Woman's work and woman's mission -- Woman vs. ballot. | |
| 506 | _aPublic domain in the USA. | ||
| 516 | _aElectronic text | ||
| 653 | _aWomen -- Religious aspects -- Christianity | ||
| 653 | _aWomen -- Suffrage | ||
| 653 | _aHusband and wife | ||
| 830 | 0 |
_aProject Gutenberg _v12790 |
|
| 856 | 4 | 0 | _uhttp://www.gutenberg.org/ebooks/12790 |
| 942 | _cEB | ||
| 999 |
_c242045 _d242045 |
||